Oficina de la Diputación en Madrid
Publicado:
San Jorge, núm. 95 (juny 1975), pàg 107 :
MARC
| LEADER | 00000nam a2200000Ia 4500 | ||
|---|---|---|---|
| 001 | |||
| 008 | 160829s9999 xx 000 0 cat d | ||
| 245 | |a Oficina de la Diputación en Madrid | ||
| 260 | |a San Jorge, núm. 95 (juny 1975), pàg 107 | ||
| 610 | 1 | 0 | |a Barcelona (Catalunya : Província). |b Diputació |9 52408 |
| 650 | |a Oficines |x Madrid |9 41561 | ||
| 901 | |a Arxiu | ||
| 942 | |n 1 | ||
| 952 | |0 0 |1 0 |4 0 |7 1 |9 50276 |a Arxiu |b Arxiu |d 2016-12-01 |l 0 |r 2016-12-01 00:00:00 |w 2016-12-01 |y ARXIU | ||
| 999 | |c 54118 |d 54118 | ||